000 00587nam a2200169 a 4500
001 000022094
005 20200930011559.0
008 100916s1984 dr a r 000 |bspa d
040 _aDO-SdBNP
_bspa
_cBNPHU
082 _axxx
_bO39m
100 1 _aOjeda Reyes, Félix
_93382
245 1 0 _aLa manigua en Paris :
_bcorrespondencia diplomatica de Betances /
_cFélix Ojeda Reyes .
260 _aSanto Domingo :
_aSan Juan , Puerto Rico :
_bCentro de Estudios Avanzados de Puerto Ricos,
_c1984.
300 _a154 p. :
_bil. ;
_c23 cm.
500 _aIncluye cita al pie de página
049 _aBNGR
999 _c21592
_d21592